000 00485nam a22001817a 4500
005 20251108164255.0
008 250721s1980 xx 000 0 ara d
082 1 4 _a794.1/كاب
100 1 _aكابابلانكا، خ. ر.
245 1 0 _aأسس الشطرنج /
250 _aط2.
264 _bمكتبة النهضه،
_c1980.
300 _a199ص
650 1 7 _aالشطرنج
700 1 _aطه، عبد الرزاق أحمد
_eترجمة
942 _2ddc
_cBK
999 _c8085
_d8085